000 00706nam a2200217Ia 4500
005 20241129104200.0
008 241129s9999||||xx |||||||||||||| ||und||
020 _a9780745344379
037 _aTextual
040 _aRTL
_beng
_cRTL
041 _aeng
_2eng
084 _aX:3M24xM18 Q8
_qRTL
100 _aButollo Florian; Nuss Sabine
_9725137
245 0 _aMarx and the robots: Networked production AI and human labour. Translated by Jan-Peter Herrmann with Nivene Raafat
_cButollo Florian; Nuss Sabine
260 _aLondon
_bPluto Press
_c2019
300 _avi,324p.
365 _aINR
_b2018.99
650 _aSociology
942 _cTB
_hX:3M24xM18 Q8
999 _c1224776
_d1224776